Statistics for Arsenal scorers in Premier League 2017-2018

Click here to take the quiz!

General Stats

  • This quiz has been taken 99 times
  • The average score is 12 of 17

Answer Stats

PlayerGoals% Correct
Mesut Özil4
92%
Alexandre Lacazette9
91%
Aaron Ramsey6
88%
Alexis Sanchez7
88%
Hector Bellerin2
85%
Pierre-Emerick Aubameyang3
83%
Granit Xhaka1
79%
Laurent Koscielny2
78%
Olivier Giroud4
73%
Shkodran Mustafi3
72%
Nacho Monreal4
71%
Jack Wilshere1
68%
Danny Welbeck3
67%
Alex Iwobi2
59%
Sead Kolasinac1
53%
Henrikh Mkhitaryan1
44%
Per Mertesacker1
41%

Score Distribution

Percentile by Number Answered

Percent of People with Each Score

Your Score History

You have not taken this quiz